Temas de la democracia : publicación electrónica del Servicio Informativo y Cultural de Estados Unidos (USIS) : volumen 3, número 3, octubre de 1998 : Libres e iguales : la Declaración Universal de los Derechos Humanos cumple 50 años /

Guardado en:
Detalles Bibliográficos
Otros autores: Crockett, Rosemary (edición) (edición)
Formato: Libro
Idioma:Español
Publicado: EUA : United States Information Agency, 1998
Colección:(Temas de la Democracia ; 3/3)
Temas:
Etiquetas: Agrega una etiqueta
Sin etiquetas, Sé el primero en etiquetar este registro!

MARC

LEADER 00000nam^a2200000^a^4500
001 000630161
005 20260410000000.0
009 20260410195516.996
037 |a Acervo ITESO - Biblioteca 
041 |a ESP 
082 |a 320. 05  |b TEM V. 3 T. 3 
240 1 1 |a [Temas de la democracia] 
245 0 0 |a Temas de la democracia :  |b publicación electrónica del Servicio Informativo y Cultural de Estados Unidos (USIS) : volumen 3, número 3, octubre de 1998 : Libres e iguales : la Declaración Universal de los Derechos Humanos cumple 50 años /  |c Ed. de R. Crockett. 
264 1 |a EUA :  |b United States Information Agency,  |c 1998 
300 |a 48 p. 
336 |a texto  |b txt  |2 rdacontenido 
337 |a sin mediación  |b n  |2 rdamedio 
338 |a volumen  |b nc  |2 rdasoporte 
440 1 |a (Temas de la Democracia ;  |v 3/3) 
567 |a Catalogación rápida 
649 |a XX 
610 |a ONU 
650 |a Libertad Religiosa 
650 |a Libertad 
650 |a Igualdad y Desigualdad 
650 |a Democracia 
650 |a Derechos Humanos -  |x Tema Principal 
650 |a Derecho Internacional 
650 |a Política Internacional -  |x Historia -  |y Siglo XX 
650 |a Política Exterior -  |z EUA -  |x Historia -  |y 1993-2001 
650 |a Política Exterior -  |z EUA -  |x Historia -  |y Siglo XX 
650 |a Política -  |z EUA -  |x Historia -  |y 1993-2001 
650 |a Política -  |z EUA -  |x Historia -  |y Siglo XX 
650 |a Política -  |x Publicaciones Periódicas Norteamericanas -  |x Tema Principal 
650 |a Publicaciones Periódicas Norteamericanas 
650 |a Publicaciones Periódicas 
700 |a Crockett, Rosemary  |e (edición) 
910 |a Fondo Castillo-Martínez 
920 |a Impresos - Libros 
930 |a Fondos Especiales 
905 |a 127 
901 |a 630161-10  |b IT2  |c ESP  |i D125781  |u 20260410 
902 |a https://opac.biblio.iteso.mx/vufind/Record/000630161